000 00805nam a2200241Ia 4500
003 GCL
008 140319s9999 xx 000 0 ara d
040 _aGCL /
_cGCL
082 0 4 _aق
_b962.033
_bا ع
100 1 _aاحمد عبدالرحيم مصطفى
245 1 0 _aعصر حككيان /
_cاحمد عبدالرحيم مصطفى
260 _a[S.N] :
_bالهيئة المصرية العامة للكتاب ،
_c1990
300 _a185 ص
490 _aمصر النهضة
_v0
650 0 4 _aالعصر الحديث
650 0 4 _aمصر
650 0 4 _aتاريخ
650 0 4 _aالعلاقات الدولية
650 0 4 _aمركز وثائق وتاريخ مصر المعاصر
650 0 4 _aعباس حلمى الاول 1853-1849
650 0 4 _aمحمد سعيد 1863-1854
942 _2ddc
_cBK
999 _c52422
_d52422